Let's explore Collective Noun with our beloved animals

Bibliographic Details
Main Authors: Mehta, Natasha (Author), Bansal, Sunita Pant (Author)
Other Authors: Sridhar, Sandhya ((series editor))
Format: Book
Published: India : Shree Book Centre 2018
Series:The World of Grammar
Subjects:

MARC

LEADER 00000cam a2200000 7i4500
001 0000095182
005 20250507115847.0
020 |a 9789387340640 (  |q paperback) 
040 |e rda 
041 |a English 
090 0 0 |a JP EL   |b ENG 
100 1 |a Mehta, Natasha ,   |e (author) 
245 0 0 |a Let's explore Collective Noun with our beloved animals   |c Natasha Mehta 
264 1 |a India :   |b Shree Book Centre   |c 2018 
300 |a 16 pages :   |b colour illustration ;   |c 22.5 cm. 
336 |a text  |2 rdacontent 
337 |a unmediated  |2 rdamedia 
338 |a volume  |2 rdacarrier 
490 1 |a The World of Grammar 
500 |a Children age 4-6 years old (yellow) 
541 |c Purchased on 2024   |f 24/NUR145 NNS   |h RM11.66 
650 0 |a Collective noun   |x Grammar 
650 0 |a English language   |x Usage 
700 0 |a Bansal, Sunita Pant ,   |e (author) 
700 0 |a Sridhar, Sandhya ,   |e (series editor) 
999 |a 0001813534   |b Book   |c Children Collection   |e Perbadanan Perpustakaan Awam Johor 
999 |a 0001813535   |b Book   |c Children Collection   |e Perbadanan Perpustakaan Awam Johor 
999 |a 0001813536   |b Book   |c Children Collection   |e Perbadanan Perpustakaan Awam Johor 
999 |a 0001813537   |b Book   |c Children Collection   |e Perbadanan Perpustakaan Awam Johor 
999 |a 0001813538   |b Book   |c Children Collection   |e Perbadanan Perpustakaan Awam Johor 
999 |a 0001813539   |b Book   |c Children Collection   |e Perbadanan Perpustakaan Awam Johor 
999 |a 0001813540   |b Book   |c Children Collection   |e Perbadanan Perpustakaan Awam Johor 
999 |a 0001813541   |b Book   |c Children Collection   |e Perbadanan Perpustakaan Awam Johor 
999 |a 0001813542   |b Book   |c Children Collection   |e Perbadanan Perpustakaan Awam Johor 
999 |a 0001813543   |b Book   |c Children Collection   |e Perbadanan Perpustakaan Awam Johor 
999 |a 0001813544   |b Book   |c Children Collection   |e Perbadanan Perpustakaan Awam Johor 
999 |a 0001813545   |b Book   |c Children Collection   |e Perbadanan Perpustakaan Awam Johor 
999 |a 0001813546   |b Book   |c Children Collection   |e Perbadanan Perpustakaan Awam Johor 
999 |a 0001813547   |b Book   |c Children Collection   |e Perbadanan Perpustakaan Awam Johor 
999 |a 0001813548   |b Book   |c Children Collection   |e Perbadanan Perpustakaan Awam Johor 
999 |a 0001813549   |b Book   |c Children Collection   |e Perbadanan Perpustakaan Awam Johor 
999 |a 0001813550   |b Book   |c Children Collection   |e Perbadanan Perpustakaan Awam Johor 
999 |a 0001813629   |b Book   |c Children Collection   |e Desa - PPAJ 
999 |a 0001813630   |b Book   |c Children Collection   |e Desa - PPAJ 
999 |a 0001813631   |b Book   |c Children Collection   |e Desa - PPAJ 
999 |a 0001813632   |b Book   |c Children Collection   |e Desa - PPAJ 
999 |a 0001813633   |b Book   |c Children Collection   |e Desa - PPAJ 
999 |a 0001813634   |b Book   |c Children Collection   |e Desa - PPAJ 
999 |a 0001813635   |b Book   |c Children Collection   |e Desa - PPAJ 
999 |a 0001813636   |b Book   |c Children Collection   |e Desa - PPAJ 
999 |a 0001813637   |b Book   |c Children Collection   |e Desa - PPAJ 
999 |a 0001813638   |b Book   |c Children Collection   |e Desa - PPAJ 
999 |a 0001813639   |b Book   |c Children Collection   |e Desa - PPAJ 
999 |a 0001813640   |b Book   |c Children Collection   |e Desa - PPAJ 
999 |a 0001813641   |b Book   |c Children Collection   |e Desa - PPAJ 
999 |a 0001813642   |b Book   |c Children Collection   |e Desa - PPAJ 
999 |a 0001813643   |b Book   |c Children Collection   |e Desa - PPAJ 
999 |a 0001813644   |b Book   |c Children Collection   |e Desa - PPAJ 
999 |a 0001813645   |b Book   |c Children Collection   |e Desa - PPAJ 
999 |a 0001813646   |b Book   |c Children Collection   |e Desa - PPAJ 
999 |a 0001813647   |b Book   |c Children Collection   |e Desa - PPAJ 
999 |a 0001813648   |b Book   |c Children Collection   |e Desa - PPAJ 
999 |a 0001813649   |b Book   |c Children Collection   |e Desa - PPAJ 
999 |a 0001813650   |b Book   |c Children Collection   |e Desa - PPAJ 
999 |a 0001813651   |b Book   |c Children Collection   |e Desa - PPAJ 
999 |a 0001813652   |b Book   |c Children Collection   |e Desa - PPAJ 
999 |a 0001813653   |b Book   |c Children Collection   |e Desa - PPAJ 
999 |a 0001813654   |b Book   |c Children Collection   |e Desa - PPAJ 
999 |a 0001813655   |b Book   |c Children Collection   |e Desa - PPAJ 
999 |a 0001813656   |b Book   |c Children Collection   |e Desa - PPAJ 
999 |a 0001813657   |b Book   |c Children Collection   |e Desa - PPAJ 
999 |a 0001813658   |b Book   |c Children Collection   |e Desa - PPAJ 
999 |a 0001813659   |b Book   |c Children Collection   |e Desa - PPAJ 
999 |a 0001813660   |b Book   |c Children Collection   |e Desa - PPAJ 
999 |a 0001813661   |b Book   |c Children Collection   |e Desa - PPAJ 
999 |a 0001813662   |b Book   |c Children Collection   |e Desa - PPAJ 
999 |a 0001813663   |b Book   |c Children Collection   |e Desa - PPAJ 
999 |a 0001813664   |b Book   |c Children Collection   |e Desa - PPAJ 
999 |a 0001813665   |b Book   |c Children Collection   |e Desa - PPAJ 
999 |a 0001813666   |b Book   |c Children Collection   |e Desa - PPAJ 
999 |a 0001813667   |b Book   |c Children Collection   |e Desa - PPAJ 
999 |a 0001813668   |b Book   |c Children Collection   |e Desa - PPAJ 
999 |a 0001813669   |b Book   |c Children Collection   |e Desa - PPAJ